Normal view
MARC view
- Dunmore, Alexander Edward Murray
Entry Personal Name
001 - CONTROL NUMBER
- control field: 50261
003 - CONTROL NUMBER IDENTIFIER
- control field: NUST
005 - DATE AND TIME OF LATEST TRANSACTION
- control field: 20210314134553.0
008 - FIXED-LENGTH DATA ELEMENTS
- fixed length control field: 210314|| aca||aabn | a|a d
040 ## - CATALOGING SOURCE
- Original cataloging agency: NUST
- Transcribing agency: NUST
100 ## - HEADING--PERSONAL NAME
- Personal name: Dunmore, Alexander Edward Murray
670 ## - SOURCE DATA FOUND
- Source citation: Work cat.: (NUST): Dunmore, Alexander Edward Murray,, A frontier campaign;, 1898.
